<?xml version="1.0" encoding="UTF-8"?><?xml-stylesheet type="text/xsl" href="static/style.xsl"?><OAI-PMH xmlns="http://www.openarchives.org/OAI/2.0/" xmlns:xsi="http://www.w3.org/2001/XMLSchema-instance" xsi:schemaLocation="http://www.openarchives.org/OAI/2.0/ http://www.openarchives.org/OAI/2.0/OAI-PMH.xsd"><responseDate>2026-06-01T02:05:22Z</responseDate><request verb="GetRecord" identifier="oai:riuma.uma.es:10630/18894" metadataPrefix="marc">https://riuma.uma.es/rest/oai/request</request><GetRecord><record><header><identifier>oai:riuma.uma.es:10630/18894</identifier><datestamp>2026-02-03T10:20:12Z</datestamp><setSpec>com_10630_1685</setSpec><setSpec>col_10630_38055</setSpec></header><metadata><record xmlns="http://www.loc.gov/MARC21/slim" xmlns:dcterms="http://purl.org/dc/terms/" xmlns:doc="http://www.lyncode.com/xoai" xmlns:xsi="http://www.w3.org/2001/XMLSchema-instance" xsi:schemaLocation="http://www.loc.gov/MARC21/slim http://www.loc.gov/standards/marcxml/schema/MARC21slim.xsd">
   <leader>00925njm 22002777a 4500</leader>
   <datafield ind2=" " ind1=" " tag="042">
      <subfield code="a">dc</subfield>
   </datafield>
   <datafield ind2=" " ind1=" " tag="720">
      <subfield code="a">Carrión Leiva, Alberto Jesús</subfield>
      <subfield code="e">author</subfield>
   </datafield>
   <datafield ind2=" " ind1=" " tag="260">
      <subfield code="c">2019-11-25</subfield>
   </datafield>
   <datafield ind2=" " ind1=" " tag="520">
      <subfield code="a">En la actualidad, debido a la sobrecarga de la información en la web, los usuarios encuentran problemas a la hora de decidirse por un producto entre multitud de opciones disponibles, ya sea una película, una canción, una prenda de vestir, un destino turístico, etc. Con la intención de facilitar al usuario este tipo de elecciones existen alternativas como los sistemas de recomendación conversacionales. Estos sistemas proveen los mecanismos necesarios para ayudar al usuario a tomar este tipo de decisiones.&#xd;
Los sistemas de recomendación conversacionales se basan en iniciar un diálogo con el usuario, para permitir conocer sus restricciones de búsqueda. El diálogo se basa en métodos de selección de características, que permiten a los usuarios expresar sus preferencias sobre los ítems. Los sistemas de recomendación conversacional deben tener en cuenta los datos aportados por el usuario durante la conversación, para realizar una recomendación adecuada.&#xd;
El objetivo principal de este TFG es desarrollar una plataforma de recomendación conversacional para cualquier conjunto de datos con valores booleanos en sus atributos. En ella los usuarios podrán descubrir distintos ítems y de este modo obtener recomendaciones. El proceso de recomendación está basado en resultados teóricos del grupo de investigación SICUMA. De acuerdo a este proceso, las recomendaciones se generan a partir de implicaciones derivadas de cada conjunto de datos.&#xd;
En este TFG se experimentará con diferentes conjuntos de datos (películas, puntos de interés turístico, etc.) para validar los resultados y el rendimiento de la plataforma.</subfield>
   </datafield>
   <datafield ind1="8" ind2=" " tag="024">
      <subfield code="a">https://hdl.handle.net/10630/18894</subfield>
   </datafield>
   <datafield tag="653" ind2=" " ind1=" ">
      <subfield code="a">Sistemas conversacionales (Informática)</subfield>
   </datafield>
   <datafield tag="653" ind2=" " ind1=" ">
      <subfield code="a">Aplicaciones (Software)</subfield>
   </datafield>
   <datafield tag="653" ind2=" " ind1=" ">
      <subfield code="a">Informática - Trabajos Fin de Grado</subfield>
   </datafield>
   <datafield tag="653" ind2=" " ind1=" ">
      <subfield code="a">Grado en Ingeniería Informática - Trabajos Fin de Grado</subfield>
   </datafield>
   <datafield ind2="0" ind1="0" tag="245">
      <subfield code="a">Plataforma de sistemas de recomendación conversacionales</subfield>
   </datafield>
</record>
</metadata></record></GetRecord></OAI-PMH>